[Event "BALKAN AMATEUR CHESS FESTIVAL"]
[Site "Belogradchik, hotel Skalite"]
[Date "2010.09.11"]
[Round "8.6"]
[White "Primbetov, Kazbek"]
[Black "Vladimirov, Vladimir"]
[Result "1-0"]
[WhiteElo "2221"]
[BlackElo "2142"]
[PlyCount "123"]
[EventDate "2010.09.06"]

1. e4 c5 2. Nf3 d6 3. d4 Nf6 4. Nc3 cxd4 5. Nxd4 a6 6. a4 e5 7. Nde2 Be7 8. g3
O-O 9. Bg2 Nc6 10. O-O Be6 11. Nd5 Bxd5 12. exd5 Nb8 13. a5 Nbd7 14. c4 Qc7 15.
b3 Ne8 16. Be3 f5 17. f4 g6 18. h3 Nef6 19. Qc2 Nc5 20. b4 Nce4 21. Qb3 Qd7 22.
Rad1 exf4 23. gxf4 Nh5 24. c5 Kh8 25. Bd4+ Bf6 26. Be3 Rac8 27. Rc1 Rfe8 28.
Rfd1 Bg7 29. Qc4 Nhf6 30. c6 Qf7 31. b5 axb5 32. Qxb5 bxc6 33. dxc6 d5 34. Bb6
Nd6 35. Qd3 Nde4 36. c7 Qe6 37. Nd4 Qd6 38. Nb5 Qxf4 39. Na7 Nh5 40. Qf3 Qd6
41. Nxc8 Rxc8 42. Bf1 Be5 43. Ba6 Bh2+ 44. Kh1 Nhg3+ 45. Kxh2 Nf1+ 46. Kg1 Qh2+
47. Kxf1 Ng3+ 48. Qxg3 Qxg3 49. Bxc8 Qxh3+ 50. Ke2 Qg4+ 51. Kd2 Qb4+ 52. Rc3 d4
53. Rdc1 dxc3+ 54. Rxc3 Qb2+ 55. Kd3 Qb5+ 56. Kd4 Qb4+ 57. Rc4 Qd6+ 58. Kc3
Qa3+ 59. Kc2 Qa2+ 60. Kd3 Qa3+ 61. Rc3 Qd6+ 62. Bd4+ 1-0

[Event "BALKAN AMATEUR CHESS FESTIVAL"]
[Site "Belogradchik, hotel Skalite"]
[Date "2010.09.11"]
[Round "8.7"]
[White "Sgircea, Silvia Raluca"]
[Black "Dimitrov, Dejan"]
[Result "1-0"]
[WhiteElo "2192"]
[BlackElo "2053"]
[PlyCount "144"]
[EventDate "2010.09.06"]

1. Nf3 Nf6 2. c4 g6 3. Nc3 Bg7 4. d4 O-O 5. Bg5 d6 6. e3 c5 7. Be2 Nc6 8. d5
Na5 9. O-O h6 10. Bf4 a6 11. Rb1 Qc7 12. Nd2 e6 13. Bg3 exd5 14. cxd5 Re8 15.
Qc2 Bd7 16. e4 b5 17. Rbe1 b4 18. Nd1 Bb5 19. Ne3 Bxe2 20. Rxe2 Nh5 21. Nec4
Nxc4 22. Nxc4 Nxg3 23. hxg3 Bd4 24. Rfe1 Qe7 25. Na5 Qf6 26. Nc6 h5 27. Qd2
Rac8 28. Nxd4 Qxd4 29. Qxd4 cxd4 30. Rd1 d3 31. Rxd3 Rc1+ 32. Kh2 Rc4 33. f3 f6
34. a3 a5 35. axb4 axb4 36. b3 Rc1 37. Ra2 Rec8 38. Rd4 Rf1 39. Rc4 Rxc4 40.
bxc4 Rc1 41. Ra6 Rxc4 42. Rxd6 Kf7 43. Rd7+ Ke8 44. Rb7 Rd4 45. Rb6 Ke7 46.
Re6+ Kf7 47. Rb6 Ke7 48. Rb7+ Kf8 49. Kg1 Rd1+ 50. Kf2 Rd2+ 51. Ke3 Rxg2 52.
Kf4 Ra2 53. e5 fxe5+ 54. Kxe5 Rf2 55. f4 Rf3 56. Kf6 Ke8 57. Rxb4 Rxg3 58. Rb7
h4 59. Rh7 h3 60. Ke6 Re3+ 61. Kd6 Rf3 62. Ke5 Rd3 63. Ke4 Rg3 64. Ke5 Rd3 65.
Ke6 Re3+ 66. Kf6 Rg3 67. d6 Kd8 68. d7 Rd3 69. Kxg6 Rxd7 70. Rxh3 Rd5 71. f5
Rd6+ 72. Kg7 Rd7+ 1-0

[Event "BALKAN AMATEUR CHESS FESTIVAL"]
[Site "Belogradchik, hotel Skalite"]
[Date "2010.09.11"]
[Round "8.8"]
[White "Janchev, Petar"]
[Black "Sofranov, Velizar"]
[Result "0-1"]
[WhiteElo "2186"]
[BlackElo "2011"]
[PlyCount "52"]
[EventDate "2010.09.06"]

1. c4 e5 2. Nc3 d6 3. g3 f5 4. Bg2 Nf6 5. d4 Be7 6. e3 c6 7. Nge2 O-O 8. b3 Na6
9. O-O Kh8 10. Rb1 Nc7 11. b4 Be6 12. b5 Bxc4 13. bxc6 bxc6 14. Bxc6 Rb8 15.
Ba3 e4 16. Qa4 Bd3 17. Rb4 Rxb4 18. Bxb4 Qb8 19. Rc1 g5 20. Qa3 Na6 21. Ba5 Rc8
22. d5 Nc5 23. Nd4 f4 24. exf4 gxf4 25. Nce2 Nh5 26. Nxf4 Bf6 0-1

[Event "BALKAN AMATEUR CHESS FESTIVAL"]
[Site "Belogradchik, hotel Skalite"]
[Date "2010.09.11"]
[Round "8.10"]
[White "Ljangov, Petar"]
[Black "Enoiu, Alexandru-Ionut"]
[Result "1/2-1/2"]
[WhiteElo "2096"]
[BlackElo "2187"]
[PlyCount "114"]
[EventDate "2010.09.06"]

1. c4 Nf6 2. Nc3 c5 3. Nf3 Nc6 4. d4 cxd4 5. Nxd4 Qb6 6. Nc2 d6 7. e3 g6 8. Be2
Bg7 9. O-O O-O 10. b3 Qa5 11. Bd2 Qe5 12. Rc1 Rd8 13. Bf3 Bf5 14. h3 Ne4 15.
Nxe4 Bxe4 16. Bxe4 Qxe4 17. Nb4 Nxb4 18. Bxb4 a5 19. Bc3 Bxc3 20. Rxc3 Rdc8 21.
Qd4 Qc6 22. Rfc1 Qc5 23. Qxc5 Rxc5 24. Kf1 Rac8 25. Ke2 b5 26. Kd3 b4 27. R3c2
a4 28. bxa4 Ra8 29. Rb1 Rxa4 30. Rb3 Rca5 31. Rcb2 Rxa2 32. Rxb4 Kg7 33. Ke2
Kf6 34. Kf3 Ke6 35. Rxa2 Rxa2 36. Rb7 Rc2 37. Rc7 h5 38. g4 hxg4+ 39. hxg4 f5
40. gxf5+ gxf5 41. Kg3 Kf6 42. f4 Rc3 43. Kf3 e5 44. fxe5+ dxe5 45. Ke2 e4 46.
Kd2 Rd3+ 47. Ke2 Ra3 48. Rd7 Rc3 49. Rd4 Ke5 50. Kd2 Ra3 51. Rd8 Ra2+ 52. Kd1
Ra4 53. Rd5+ Ke6 54. Rc5 Ra3 55. Kd2 Ra2+ 56. Kd1 Ra3 57. Kd2 Ra2+ 1/2-1/2

[Event "BALKAN AMATEUR CHESS FESTIVAL"]
[Site "Belogradchik, hotel Skalite"]
[Date "2010.09.11"]
[Round "8.11"]
[White "Reinwald, Patrick"]
[Black "Tscharotschkin, Michael"]
[Result "0-1"]
[WhiteElo "2093"]
[BlackElo "2179"]
[PlyCount "77"]
[EventDate "2010.09.06"]

1. e4 c5 2. d4 cxd4 3. c3 Nf6 4. e5 Nd5 5. Nf3 e6 6. cxd4 d6 7. Bc4 Nb6 8. Bd3
Nc6 9. Qe2 Nb4 10. Bg5 Nxd3+ 11. Qxd3 Be7 12. Bxe7 Qxe7 13. Nc3 Bd7 14. O-O d5
15. Rfc1 O-O 16. a3 Rfc8 17. b4 Nc4 18. Nd2 Nxd2 19. Qxd2 Rc4 20. Nd1 Qh4 21.
Rxc4 dxc4 22. Ne3 Rc8 23. Rc1 b5 24. g3 Qe4 25. Qc2 Qb7 26. d5 exd5 27. Rd1 Be6
28. f4 Qb6 29. Qc3 g6 30. Kf1 Rd8 31. Rd4 h5 32. Kg2 Qc6 33. h3 Qd7 34. g4 hxg4
35. hxg4 Bxg4 36. Nxd5 Qc6 37. Kg3 Rxd5 38. Kxg4 Qd7+ 39. e6 0-1

[Event "BALKAN AMATEUR CHESS FESTIVAL"]
[Site "Belogradchik, hotel Skalite"]
[Date "2010.09.11"]
[Round "8.12"]
[White "Mladenov, Emil"]
[Black "Enchev, Evgeni"]
[Result "0-1"]
[WhiteElo "2169"]
[BlackElo "1984"]
[PlyCount "126"]
[EventDate "2010.09.06"]

1. e4 c5 2. g3 Nc6 3. Bg2 g6 4. Ne2 Bg7 5. c3 e5 6. O-O Nge7 7. Na3 O-O 8. d3
d6 9. Bg5 Be6 10. Qd2 Qd7 11. Rfe1 Rab8 12. Nc2 d5 13. h4 Rbd8 14. Qc1 f6 15.
Bh6 Bxh6 16. Qxh6 dxe4 17. dxe4 Qd2 18. Ne3 Bxa2 19. Bf3 Bb3 20. g4 Kh8 21.
Rad1 Bxd1 22. Rxd1 Ng8 23. Rxd2 Nxh6 24. Nd5 c4 25. Ng3 Ng8 26. Rd1 b6 27. Ra1
Na5 28. Kg2 Kg7 29. g5 fxg5 30. hxg5 h6 31. gxh6+ Nxh6 32. Nf1 Rf7 33. Be2 Nb3
34. Rd1 b5 35. Nfe3 Nc5 36. f3 a6 37. Kg3 Ne6 38. Ra1 Rd6 39. Bf1 Nf4 40. Nb4
Rff6 41. Ned5 Nxd5 42. Nxd5 Rf7 43. Bh3 Ng8 44. Bc8 Nf6 45. Rxa6 Rxa6 46. Bxa6
Nxd5 47. exd5 Rd7 48. Bxb5 Rxd5 49. Bxc4 Rd2 50. b4 Rc2 51. b5 Rxc3 52. Bd5 Rd3
53. Bc6 Rb3 54. Kg4 Kf6 55. Bd7 Rb4+ 56. Kg3 Kg5 57. Bc6 Rb3 58. Kf2 Kf4 59.
Ke2 g5 60. Kd2 e4 61. fxe4 g4 62. Kc2 Rh3 63. b6 Rh6 0-1

[Event "BALKAN AMATEUR CHESS FESTIVAL"]
[Site "Belogradchik, hotel Skalite"]
[Date "2010.09.11"]
[Round "8.13"]
[White "Popov, Georgi"]
[Black "Mitrev, Emil"]
[Result "1/2-1/2"]
[WhiteElo "2208"]
[BlackElo "2178"]
[PlyCount "35"]
[EventDate "2010.09.06"]

1. e4 c5 2. Nf3 e6 3. c3 d5 4. exd5 exd5 5. d4 cxd4 6. Nxd4 Nf6 7. Bg5 Be7 8.
Bb5+ Bd7 9. Bxf6 Bxf6 10. Qe2+ Qe7 11. Qxe7+ Kxe7 12. Bxd7 Bxd4 13. cxd4 Kxd7
14. Nc3 Kd6 15. Nb5+ Kd7 16. Nc3 Kd6 17. Nb5+ Kd7 18. Nc3 1/2-1/2

[Event "BALKAN AMATEUR CHESS FESTIVAL"]
[Site "Belogradchik, hotel Skalite"]
[Date "2010.09.11"]
[Round "8.14"]
[White "Angelov, Boyan"]
[Black "Popov, Ilian"]
[Result "1-0"]
[WhiteElo "2062"]
[BlackElo "2247"]
[PlyCount "67"]
[EventDate "2010.09.06"]

1. e4 c5 2. Nf3 Nc6 3. d3 g6 4. g3 Bg7 5. Bg2 Nf6 6. O-O O-O 7. Re1 e5 8. Nc3
h6 9. Nd2 a6 10. Nf1 d6 11. Ne3 Ne7 12. a4 b6 13. Ncd5 Nfxd5 14. exd5 f5 15. c3
g5 16. Nc4 Bd7 17. Qb3 Nc8 18. f4 gxf4 19. gxf4 Qh4 20. Bd2 exf4 21. Rf1 f3 22.
Bxf3 Kh8 23. Rae1 Rg8 24. Kh1 Rb8 25. Bg2 Ne7 26. Nxd6 Be5 27. Rxe5 Rxg2 28.
Nf7+ Kg7 29. Kxg2 Kxf7 30. Be1 Rg8+ 31. Bg3 f4 32. Rf3 Ke8 33. Qc4 Rg4 34. Rxf4
1-0

[Event "BALKAN AMATEUR CHESS FESTIVAL"]
[Site "Belogradchik, hotel Skalite"]
[Date "2010.09.11"]
[Round "8.15"]
[White "Turcu, Iulian"]
[Black "Cernea, Radu"]
[Result "1-0"]
[WhiteElo "2237"]
[BlackElo "2039"]
[PlyCount "67"]
[EventDate "2010.09.06"]

1. d4 g6 2. e4 Bg7 3. Nf3 d6 4. Bc4 e6 5. O-O h6 6. Nc3 Nd7 7. Be3 a6 8. a4 b6
9. Nd2 Bb7 10. f4 Ne7 11. Qe2 O-O 12. Rad1 d5 13. exd5 exd5 14. Bd3 c5 15. Qf2
Nf6 16. h3 c4 17. Be2 Nf5 18. g4 Nxe3 19. Qxe3 Re8 20. Qf2 Qe7 21. g5 Ne4 22.
Ndxe4 dxe4 23. Qe3 Rac8 24. Rf2 f5 25. gxf6 Bxf6 26. Bf1 Kh7 27. Bg2 Rcd8 28.
d5 Bxc3 29. bxc3 Bxd5 30. f5 Qg5 31. Qxg5 hxg5 32. fxg6+ Kxg6 33. Re2 e3 34.
Rxd5 1-0

[Event "BALKAN AMATEUR CHESS FESTIVAL"]
[Site "Belogradchik, hotel Skalite"]
[Date "2010.09.11"]
[Round "8.16"]
[White "Milchev, Miroslav"]
[Black "Ninov, Dayan"]
[Result "1-0"]
[WhiteElo "2200"]
[BlackElo "2033"]
[PlyCount "119"]
[EventDate "2010.09.06"]

1. d4 d5 2. c4 c6 3. Nf3 Nf6 4. Nc3 dxc4 5. a4 e6 6. e3 c5 7. Bxc4 Nc6 8. O-O
cxd4 9. Nxd4 Nxd4 10. exd4 Be7 11. d5 exd5 12. Nxd5 Nxd5 13. Bxd5 O-O 14. Qf3
Bf6 15. Be3 Bg4 16. Bxf7+ Rxf7 17. Qxg4 Bxb2 18. Rad1 Qa5 19. Qc4 Qc7 20. Qe6
Qe5 21. Qb3 Qc3 22. Qa2 Qa3 23. Qd5 Bf6 24. Qc4 Qe7 25. Rd3 Kh8 26. Rfd1 h6 27.
g3 b6 28. Qc6 Qb7 29. Qe6 Rff8 30. Rd7 Qf3 31. Qd5 Qg4 32. Bf4 Rad8 33. Kg2
Rxd7 34. Qxd7 Qe2 35. Qd3 Qe6 36. Qd5 Qe2 37. Qd3 Qe8 38. Qb5 Qe4+ 39. Kg1 Be7
40. Be3 Qf3 41. Rd7 Bg5 42. Qe5 Bf6 43. Qf4 Qe2 44. h3 Qc2 45. Rxa7 Rd8 46. Kg2
Rd1 47. Rc7 Qd3 48. Qc4 Qb1 49. Rc8+ Bd8 50. Qc2 Qxc2 51. Rxc2 Kh7 52. Rd2 Rxd2
53. Bxd2 Kg6 54. Kf3 Kf5 55. Bc3 g6 56. g4+ Ke6 57. Ke4 Kd6 58. Bd4 g5 59. f3
Kc6 60. Ke5 1-0

[Event "BALKAN AMATEUR CHESS FESTIVAL"]
[Site "Belogradchik, hotel Skalite"]
[Date "2010.09.11"]
[Round "8.17"]
[White "Parvanov, Mitko"]
[Black "Dichev, Nedelcho"]
[Result "1/2-1/2"]
[WhiteElo "2032"]
[BlackElo "2163"]
[PlyCount "61"]
[EventDate "2010.09.06"]

1. e4 c6 2. d4 d5 3. Nc3 dxe4 4. Nxe4 g6 5. Bc4 Bg7 6. c3 Nf6 7. Nxf6+ Bxf6 8.
Nf3 Nd7 9. O-O O-O 10. Re1 c5 11. Bh6 Nb6 12. Bxf8 Nxc4 13. Qe2 Be6 14. Bh6
cxd4 15. cxd4 Bd5 16. Ne5 Nd6 17. Bd2 h5 18. b3 Nf5 19. Bc3 Rc8 20. Bb2 Nh4 21.
f3 Bg5 22. Nc4 Nf5 23. Rad1 b5 24. Ne5 a6 25. Qd3 Kg7 26. g3 Qd6 27. Bc1 Bf6
28. Qd2 Rh8 29. Bb2 e6 30. Rc1 Rd8 31. Qd3 1/2-1/2

[Event "BALKAN AMATEUR CHESS FESTIVAL"]
[Site "Belogradchik, hotel Skalite"]
[Date "2010.09.11"]
[Round "8.18"]
[White "Olea, Liliana"]
[Black "Todorov, Todor"]
[Result "0-1"]
[WhiteElo "2015"]
[BlackElo "2151"]
[PlyCount "73"]
[EventDate "2010.09.06"]

1. e4 c5 2. Nf3 Nc6 3. d4 cxd4 4. Nxd4 Nf6 5. Nc3 g6 6. Nxc6 bxc6 7. e5 Nh5 8.
Be2 Qa5 9. Bxh5 gxh5 10. Qxh5 Bg7 11. f4 Ba6 12. Bd2 d5 13. e6 O-O 14. Ne4 Qa4
15. exf7+ Kh8 16. Ng5 Qxc2 17. Rc1 Qf5 18. Rc3 Bd3 19. g4 Qg6 20. Qh4 e6 21.
Rxc6 Rxf7 22. Nxf7+ Qxf7 23. Qg3 Bb5 24. Rc5 Ba6 25. b4 Qf6 26. Rc1 Re8 27. Kd1
e5 28. fxe5 Qg6 29. Re1 Bb5 30. Re3 d4 31. Ra3 Qe4 32. Qf3 Qxe5 33. Qf2 Be2+
34. Ke1 Bxg4+ 35. Kf1 Rf8 36. Qxf8+ Bxf8 37. Rxa7 0-1

[Event "BALKAN AMATEUR CHESS FESTIVAL"]
[Site "Belogradchik, hotel Skalite"]
[Date "2010.09.11"]
[Round "8.19"]
[White "Bochev, Krasimir"]
[Black "Vutev, Jordan"]
[Result "1-0"]
[WhiteElo "2143"]
[BlackElo "1922"]
[PlyCount "103"]
[EventDate "2010.09.06"]

1. Nf3 Nf6 2. c4 c5 3. g3 b6 4. Bg2 Bb7 5. O-O e6 6. Nc3 Be7 7. d4 cxd4 8. Qxd4
Nc6 9. Qf4 O-O 10. Rd1 Nh5 11. Qd2 Nf6 12. b3 Bb4 13. Qc2 Rc8 14. Ne5 d5 15.
Nxc6 Bxc6 16. Ne4 Qe7 17. Nxf6+ Qxf6 18. Bb2 Qh6 19. Rac1 dxc4 20. Qxc4 Bc5 21.
Bxc6 Rxc6 22. Qe4 Rd6 23. Rxd6 Bxd6 24. e3 Qg5 25. Rc6 Bb8 26. Qc4 Qe7 27. h4
h6 28. b4 Rd8 29. Rc8 Rxc8 30. Qxc8+ Qf8 31. Qb7 Qd8 32. b5 Qc7 33. Qe4 Qd6 34.
Kg2 f5 35. Qb7 Qd5+ 36. Qxd5 exd5 37. h5 Bd6 38. Kf3 Kf7 39. Bc3 g6 40. g4
fxg4+ 41. Kxg4 Bc7 42. Bb4 Bb8 43. Bc3 Bd6 44. Bd4 Bb8 45. a4 Bd6 46. f4 Bc5
47. hxg6+ Kxg6 48. f5+ Kf7 49. Bxc5 bxc5 50. a5 c4 51. Kf3 c3 52. Ke2 1-0

[Event "BALKAN AMATEUR CHESS FESTIVAL"]
[Site "Belogradchik, hotel Skalite"]
[Date "2010.09.11"]
[Round "8.20"]
[White "Stankov, Apostol"]
[Black "Ilchev, Plamen"]
[Result "1-0"]
[WhiteElo "1926"]
[BlackElo "2118"]
[PlyCount "67"]
[EventDate "2010.09.06"]

1. c4 Nf6 2. Nf3 e6 3. g3 d5 4. Bg2 Be7 5. d4 dxc4 6. Qa4+ Nbd7 7. Qxc4 a6 8.
Qc2 O-O 9. O-O c5 10. Rd1 Qa5 11. Nc3 Nb6 12. Bd2 cxd4 13. Nxd4 Qh5 14. Nb3
Nbd5 15. e4 Nb4 16. Qb1 e5 17. a3 Nc6 18. Nd5 Bg4 19. Re1 Bd8 20. Qd3 Re8 21.
Rac1 Be7 22. Qe3 Rab8 23. Qb6 Bf3 24. Rc3 Bxg2 25. Kxg2 Bd8 26. Qc5 Qg6 27. f3
Nd7 28. Qe3 b5 29. Rec1 Na5 30. Nxa5 Bxa5 31. Rc6 Bxd2 32. Qxd2 f6 33. Rc7 Qf7
34. Rxd7 1-0

[Event "BALKAN AMATEUR CHESS FESTIVAL"]
[Site "Belogradchik, hotel Skalite"]
[Date "2010.09.10"]
[Round "7.1"]
[White "Todorov, Momchil"]
[Black "Dobrev, Naiden"]
[Result "1/2-1/2"]
[WhiteElo "2191"]
[BlackElo "2206"]
[PlyCount "35"]
[EventDate "2010.09.06"]

1. e4 c5 2. Nf3 a6 3. c3 e6 4. d4 d5 5. exd5 Qxd5 6. Be3 cxd4 7. cxd4 Nf6 8. a3
Be7 9. Nc3 Qd6 10. Bd3 O-O 11. O-O Nbd7 12. Qd2 b5 13. Bf4 Qb6 14. Rad1 Bb7 15.
Qe2 Nd5 16. Bd2 Nxc3 17. Bxc3 Bd5 18. Ne5 1/2-1/2

[Event "BALKAN AMATEUR CHESS FESTIVAL"]
[Site "Belogradchik, hotel Skalite"]
[Date "2010.09.10"]
[Round "7.2"]
[White "Ivelinov, Hristo"]
[Black "Janachkov, Angel"]
[Result "1/2-1/2"]
[WhiteElo "2221"]
[BlackElo "2212"]
[PlyCount "73"]
[EventDate "2010.09.06"]

1. d4 Nf6 2. c4 e6 3. Nc3 d5 4. cxd5 exd5 5. Bg5 Be7 6. Qc2 O-O 7. e3 Nbd7 8.
Bd3 c6 9. Nge2 Re8 10. O-O Nf8 11. f3 Nh5 12. Bxe7 Qxe7 13. e4 dxe4 14. fxe4
Be6 15. Rad1 Rad8 16. e5 f6 17. Ne4 fxe5 18. dxe5 Rd5 19. Nd6 Rd8 20. Nf5 Bxf5
21. Rxf5 g6 22. Rff1 Ne6 23. Kh1 Rxe5 24. Bc4 Rxd1 25. Qxd1 Kg7 26. Nd4 Nxd4
27. Qxd4 Nf6 28. Qxa7 Re1 29. Qf2 Rxf1+ 30. Qxf1 Qe5 31. Qe2 Qd4 32. Bd3 Ng4
33. Qe7+ Kg8 34. Qe8+ Kg7 35. Qe7+ Kg8 36. Qe8+ Kg7 37. Qe7+ 1/2-1/2

[Event "BALKAN AMATEUR CHESS FESTIVAL"]
[Site "Belogradchik, hotel Skalite"]
[Date "2010.09.10"]
[Round "7.3"]
[White "Ivanov, Borislav"]
[Black "Janchev, Petar"]
[Result "1-0"]
[WhiteElo "2178"]
[BlackElo "2186"]
[PlyCount "86"]
[EventDate "2010.09.06"]

1. d4 d6 2. Nf3 g6 3. c4 Bg7 4. Nc3 Nf6 5. e4 O-O 6. Be2 c6 7. O-O a6 8. h3 b5
9. e5 Ne8 10. Bf4 Nd7 11. Qd2 Bb7 12. exd6 Nxd6 13. c5 Nf5 14. g4 Nxd4 15. Nxd4
Nxc5 16. Nb3 Nxb3 17. Qxd8 Rfxd8 18. axb3 c5 19. Rfd1 Bd4 20. Bf1 e5 21. Bg5
Re8 22. Bg2 e4 23. b4 f6 24. Bf4 f5 25. bxc5 Bxc5 26. Nd5 Red8 27. Nc7 Rac8 28.
Rxd8+ Rxd8 29. Ne6 Rd5 30. Nxc5 Rxc5 31. Rd1 Rd5 32. Rxd5 Bxd5 33. b4 Kf7 34.
Kf1 Ke6 35. Ke2 Bc4+ 36. Ke3 Kd5 37. Bc7 Ke6 38. f3 exf3 39. Bxf3 Kf6 40. Bb7
Kg5 41. Bd8+ Kh6 42. Bxa6 Bf1 43. h4 Kg7 1-0

[Event "BALKAN AMATEUR CHESS FESTIVAL"]
[Site "Belogradchik, hotel Skalite"]
[Date "2010.09.10"]
[Round "7.4"]
[White "Enchev, Evgeni"]
[Black "Vlashki, Nino"]
[Result "0-1"]
[WhiteElo "1984"]
[BlackElo "2230"]
[PlyCount "85"]
[EventDate "2010.09.06"]

1. d4 Nf6 2. c4 g6 3. Nc3 Bg7 4. e4 O-O 5. Be2 d6 6. Nf3 e5 7. O-O Nc6 8. d5
Ne7 9. Ne1 Nd7 10. Be3 f5 11. f3 f4 12. Bf2 g5 13. Rc1 Ng6 14. c5 Nxc5 15. b4
Na6 16. Nb5 b6 17. Qa4 Rf7 18. Nxd6 cxd6 19. Bxa6 Bd7 20. Bb5 Bc8 21. Ba6 Bd7
22. Qb3 g4 23. fxg4 Bxg4 24. Nf3 Bf6 25. Rc6 Ne7 26. Rc2 Rg7 27. Rfc1 Qe8 28.
Bf1 Qg6 29. Rc7 Kh8 30. Re1 Qh5 31. Kh1 Rg6 32. h3 Ng8 33. Nh2 Nh6 34. hxg4
Nxg4 35. Bg1 Rh6 36. Qf3 Qh4 37. g3 fxg3 38. Re2 Rg8 39. Rg2 Nxh2 40. Bxh2 Qg5
41. Rxg3 Qxg3 42. Rxh7+ Kxh7 43. Qf5+ 0-1

[Event "BALKAN AMATEUR CHESS FESTIVAL"]
[Site "Belogradchik, hotel Skalite"]
[Date "2010.09.10"]
[Round "7.5"]
[White "Vladimirov, Vladimir"]
[Black "Sgircea, Silvia Raluca"]
[Result "1/2-1/2"]
[WhiteElo "2142"]
[BlackElo "2192"]
[PlyCount "122"]
[EventDate "2010.09.06"]

1. e4 c5 2. Nc3 g6 3. Nf3 Bg7 4. d4 cxd4 5. Nxd4 Nc6 6. Be3 Nf6 7. Bc4 d6 8. f3
Bd7 9. Qd2 Rc8 10. Bb3 h5 11. O-O-O Na5 12. Kb1 a6 13. h3 h4 14. Rhe1 Nc4 15.
Bxc4 Rxc4 16. b3 Rc8 17. Bg5 Rh5 18. Nd5 Nxd5 19. exd5 f6 20. Bf4 Rxd5 21. c4
Re5 22. Bxe5 fxe5 23. Nc2 Bf5 24. Qd5 Qc7 25. Qg8+ Bf8 26. Re4 Qc5 27. Rf1 Kd7
28. Qh7 b5 29. Qxh4 Bxe4 30. Qxe4 bxc4 31. b4 Qb5 32. Qg4+ Kc7 33. Qxg6 a5 34.
a3 c3 35. Re1 Qc4 36. Kc1 axb4 37. axb4 Qb3 38. Qd3 Ra8 39. Re4 Ra1+ 40. Nxa1
Bh6+ 41. f4 Bxf4+ 42. Rxf4 Qb2+ 43. Kd1 Qxa1+ 44. Ke2 exf4 45. Qd4 Kd8 46. Kd3
Qf1+ 47. Kxc3 Qxg2 48. Qxf4 Qxh3+ 49. Kc4 Qc8+ 50. Kd3 e5 51. Qf7 Qd7 52. Qd5
Ke7 53. b5 Qh3+ 54. Kc2 Qe6 55. Qb7+ Qd7 56. Qa6 e4 57. b6 Qc6+ 58. Kd2 Kd8 59.
Ke3 d5 60. Kd4 Kd7 61. b7 Qxa6 1/2-1/2

[Event "BALKAN AMATEUR CHESS FESTIVAL"]
[Site "Belogradchik, hotel Skalite"]
[Date "2010.09.10"]
[Round "7.6"]
[White "Ivanov, Bogidar"]
[Black "Ljangov, Petar"]
[Result "1-0"]
[WhiteElo "2188"]
[BlackElo "2096"]
[PlyCount "91"]
[EventDate "2010.09.06"]

1. e4 c5 2. Nf3 d6 3. Bb5+ Bd7 4. Bxd7+ Qxd7 5. O-O Nc6 6. c3 Nf6 7. d4 cxd4 8.
cxd4 d5 9. e5 Ne4 10. Be3 h6 11. Ne1 Ng5 12. f4 Ne4 13. f5 e6 14. fxe6 Qxe6 15.
Nd3 g5 16. Nc3 Nxc3 17. bxc3 Be7 18. Bc1 O-O-O 19. a4 Rhg8 20. a5 Rg6 21. Ba3
Bxa3 22. Rxa3 Qe7 23. Ra2 f6 24. Qg4+ Kb8 25. Qf5 Rdg8 26. exf6 Qe4 27. f7 Rf8
28. Qxe4 dxe4 29. Nc5 Kc7 30. Re2 b6 31. axb6+ axb6 32. Rxe4 bxc5 33. Re8 Rxf7
34. Rxf7+ Kd6 35. dxc5+ Kxc5 36. Rh7 Rd6 37. h3 Kc4 38. Reh8 Kxc3 39. Rxh6 Rd1+
40. Kh2 Nd4 41. Rc8+ Kd3 42. Rd6 Ke4 43. Re8+ Kf4 44. Rf6+ Nf5 45. g3+ Kf3 46.
Rxf5# 1-0

[Event "BALKAN AMATEUR CHESS FESTIVAL"]
[Site "Belogradchik, hotel Skalite"]
[Date "2010.09.10"]
[Round "7.7"]
[White "Tscharotschkin, Michael"]
[Black "Dimitrov, Dejan"]
[Result "1/2-1/2"]
[WhiteElo "2179"]
[BlackElo "2053"]
[PlyCount "86"]
[EventDate "2010.09.06"]

1. d4 Nf6 2. c4 e6 3. Nf3 Bb4+ 4. Bd2 c5 5. a3 Bxd2+ 6. Qxd2 cxd4 7. Nxd4 O-O
8. Nc3 Na6 9. e3 b6 10. Be2 Bb7 11. O-O Nc5 12. Rad1 d5 13. cxd5 Nxd5 14. Nxd5
Bxd5 15. Bf3 Bxf3 16. Nxf3 Qxd2 17. Rxd2 Rfd8 18. Rfd1 Nb7 19. Kf1 Kf8 20. Ke2
Ke8 21. Ne5 Rxd2+ 22. Rxd2 f6 23. Nc6 Nd8 24. Nd4 Ke7 25. Rc2 Kd7 26. Nb5 Nc6
27. Rd2+ Ke7 28. f4 Rd8 29. Rc2 Rc8 30. Kf3 Kd7 31. Ke4 f5+ 32. Kd3 e5 33. Rd2
Ke6 34. Ke2 exf4 35. exf4 g6 36. Kf3 Ke7 37. Ke3 Ke6 38. Rc2 a6 39. Nd4+ Kd5
40. Kd3 Ne7 41. Re2 Nc6 42. Nc2 b5 43. b4 Rd8 1/2-1/2

[Event "BALKAN AMATEUR CHESS FESTIVAL"]
[Site "Belogradchik, hotel Skalite"]
[Date "2010.09.10"]
[Round "7.8"]
[White "Ilchev, Plamen"]
[Black "Tashkov, Rumen"]
[Result "0-1"]
[WhiteElo "2118"]
[BlackElo "2239"]
[PlyCount "101"]
[EventDate "2010.09.06"]

1. e4 d6 2. d4 Nf6 3. Nc3 g6 4. Bg5 Bg7 5. f3 c6 6. Qd2 Nbd7 7. O-O-O Qa5 8.
Kb1 b5 9. a3 Rb8 10. Na2 Qc7 11. Bh6 Bxh6 12. Qxh6 a5 13. g4 c5 14. Ne2 b4 15.
a4 Nb6 16. b3 Bd7 17. Nf4 c4 18. g5 Nh5 19. Nxh5 gxh5 20. Qg7 Rf8 21. d5 Rc8
22. Rc1 Qc5 23. Be2 Qe3 24. Bd1 c3 25. Qxh7 Bxa4 26. g6 fxg6 27. Qxg6+ Kd8 28.
Qg1 Qxg1 29. Rxg1 Bb5 30. Rg5 Rf4 31. Rxh5 Kd7 32. Rg5 Rh8 33. Rg2 Bf1 34. Rf2
Bh3 35. Be2 Rg8 36. Re1 Kc7 37. Nc1 Nd7 38. Nd3 Rf6 39. f4 Rfg6 40. Bf3 Rg1 41.
Rfe2 Bf1 42. Re3 Bxd3 43. cxd3 a4 44. bxa4 b3 45. d4 Kb6 46. Bd1 Rxe1 47. Rxe1
Rg2 48. Bxb3 Rb2+ 49. Kc1 Rxb3 50. Kc2 Ra3 51. e5 0-1

[Event "BALKAN AMATEUR CHESS FESTIVAL"]
[Site "Belogradchik, hotel Skalite"]
[Date "2010.09.10"]
[Round "7.9"]
[White "Vasilev, Plamen"]
[Black "Panayotov, Yanko"]
[Result "0-1"]
[WhiteElo "2102"]
[BlackElo "2233"]
[PlyCount "60"]
[EventDate "2010.09.06"]

1. d4 c6 2. Nf3 Nf6 3. g3 g6 4. Bg2 Bg7 5. O-O d5 6. Ne5 O-O 7. c4 dxc4 8. Nc3
Ng4 9. f4 Nxe5 10. dxe5 Qxd1 11. Rxd1 Na6 12. Ne4 Bg4 13. Kf2 Nb4 14. h3 Bf5
15. Be3 Nd5 16. Rd4 b5 17. Nc5 Rad8 18. Bd2 Bc8 19. Ba5 Rde8 20. e4 Nb6 21.
Rad1 g5 22. R4d2 h5 23. Bc3 gxf4 24. gxf4 Bh6 25. Ke3 Kh7 26. Bf3 Rg8 27. e6
Bxe6 28. Nxe6 fxe6 29. Be5 c3 30. Rd7 c2 0-1

[Event "BALKAN AMATEUR CHESS FESTIVAL"]
[Site "Belogradchik, hotel Skalite"]
[Date "2010.09.10"]
[Round "7.10"]
[White "Angelov, Boyan"]
[Black "Primbetov, Kazbek"]
[Result "0-1"]
[WhiteElo "2062"]
[BlackElo "2221"]
[PlyCount "74"]
[EventDate "2010.09.06"]

1. e4 c5 2. Nf3 d6 3. c3 Nf6 4. Bc4 e6 5. Qe2 Be7 6. d4 cxd4 7. cxd4 d5 8. exd5
Nxd5 9. Nc3 O-O 10. O-O Nc6 11. Rd1 b6 12. Qe4 Ncb4 13. a3 Ba6 14. Bb3 Nf6 15.
Qe3 Nfd5 16. Nxd5 Nxd5 17. Qe4 Rc8 18. h4 Nf6 19. Qe1 Bc4 20. Bxc4 Rxc4 21. Qe2
Qd5 22. Bg5 Rfc8 23. Rd2 h6 24. Bf4 Ne4 25. Rdd1 Rc2 26. Qa6 Nxf2 27. Rd2 Nh3+
28. gxh3 Qxf3 29. Qf1 Qxf1+ 30. Rxf1 Rxd2 31. Bxd2 Rc2 32. Bc1 Bf6 33. Rd1 Bxh4
34. b4 Bf2+ 35. Kf1 Bxd4 36. Bxh6 e5 37. Bg5 b5 0-1

[Event "BALKAN AMATEUR CHESS FESTIVAL"]
[Site "Belogradchik, hotel Skalite"]
[Date "2010.09.10"]
[Round "7.11"]
[White "Mitrev, Emil"]
[Black "Reinwald, Patrick"]
[Result "1/2-1/2"]
[WhiteElo "2178"]
[BlackElo "2093"]
[PlyCount "60"]
[EventDate "2010.09.06"]

1. Nf3 Nf6 2. c4 e6 3. b3 b6 4. Bb2 Bb7 5. e3 c5 6. Be2 Be7 7. O-O d6 8. Re1
O-O 9. Bf1 Nbd7 10. Nc3 a6 11. e4 Qc7 12. d4 cxd4 13. Nxd4 Rfe8 14. Rc1 Rad8
15. Nd5 exd5 16. cxd5 Qb8 17. Nc6 Bxc6 18. dxc6 Nc5 19. b4 Qc8 20. Bxf6 Bxf6
21. bxc5 dxc5 22. Qe2 Qxc6 23. Qxa6 Rxe4 24. Rxe4 Qxe4 25. Qxb6 Qa4 26. Qb3
Qxb3 27. axb3 Bd4 28. Bc4 Ra8 29. Re1 Ra1 30. Rxa1 Bxa1 1/2-1/2